[Event "11th Gashimov Mem Rapid"]
[Site "Stepanakert ARM"]
[Date "2025.12.10"]
[Round "8.3"]
[White "Nepomniachtchi, Ian"]
[Black "Fedoseev, Vladimir3"]
[Result "1-0"]
[WhiteTitle "GM"]
[BlackTitle "GM"]
[WhiteElo "2723"]
[BlackElo "2705"]
[WhiteFideId "4168119"]
[BlackFideId "24130737"]
[EventDate "2025.12.09"]

1. e4 e5 2. Nf3 Nf6 3. Nxe5 d6 4. Nf3 Nxe4 5. Nc3 Nxc3 6. dxc3 Nc6 7. Bf4 Bg4 8.
Be2 Be7 9. Qd2 Qd7 10. h3 Bf5 11. O-O-O O-O-O 12. Nd4 Nxd4 13. Qxd4 c5 14. Qd2
Qa4 15. Kb1 d5 16. Bg4 Bxg4 17. hxg4 Rhe8 18. Rxh7 d4 19. Qd3 Qd7 20. g5 dxc3
21. Qxd7+ Rxd7 22. Rxd7 Kxd7 23. Rxg7 Rh8 24. bxc3 Ke6 25. g6 fxg6 26. Rxg6+ Kf5
27. Rh6 Rd8 28. Be3 Rg8 29. g3 b6 30. a4 Bf6 31. Kb2 a6 32. Kb3 Rg7 33. c4 Rg8
34. Bd2 Bd4 35. Bc3 Kg5 36. Rxb6 Bxf2 37. Rxa6 Rb8+ 38. Ka3 Bxg3 39. a5 Bf4 40.
Rb6 Re8 41. a6 1-0

[Event "11th Gashimov Mem Rapid"]
[Site "Stepanakert ARM"]
[Date "2025.12.10"]
[Round "9.1"]
[White "Nepomniachtchi, Ian"]
[Black "Tabatabaei, M. Amin"]
[Result "1/2-1/2"]
[WhiteTitle "GM"]
[BlackTitle "GM"]
[WhiteElo "2723"]
[BlackElo "2700"]
[WhiteFideId "4168119"]
[BlackFideId "12521213"]
[EventDate "2025.12.09"]

1. d4 d5 2. c4 e6 3. Nc3 Nf6 4. Nf3 c5 5. cxd5 Nxd5 6. e4 Nxc3 7. bxc3 cxd4 8.
cxd4 Bb4+ 9. Bd2 Bxd2+ 10. Qxd2 O-O 11. Bd3 Nc6 12. e5 Qa5 13. Be4 Bd7 14. Rb1
Rab8 15. Qxa5 Nxa5 16. d5 exd5 1/2-1/2

[Event "11th Gashimov Mem Rapid"]
[Site "Stepanakert ARM"]
[Date "2025.12.10"]
[Round "9.2"]
[White "Fedoseev, Vladimir3"]
[Black "Suleymanli, Aydin"]
[Result "1-0"]
[WhiteTitle "GM"]
[BlackTitle "GM"]
[WhiteElo "2705"]
[BlackElo "2628"]
[WhiteFideId "24130737"]
[BlackFideId "13413937"]
[EventDate "2025.12.09"]

1. d4 Nf6 2. c4 e6 3. Nf3 d5 4. Nc3 c6 5. e3 Nbd7 6. a3 Bd6 7. b4 O-O 8. Bb2 Qe7
9. Qc2 h6 10. Be2 dxc4 11. Bxc4 e5 12. Ne2 exd4 13. Nexd4 Ne5 14. Bb3 a5 15. b5
a4 16. Ba2 cxb5 17. Nxb5 Nxf3+ 18. gxf3 Be5 19. Rd1 Kh8 20. Bd4 Bd7 21. Qb2 Bxd4
22. Nxd4 Rac8 23. h4 b5 24. Kf1 Rc5 25. Kg2 Rfc8 26. Rd2 Be8 27. Bb1 Rc3 28. Rc2
Rxc2 29. Bxc2 Qc5 30. Bf5 Rc7 31. Rb1 Rb7 32. Bd3 Bd7 33. Qb4 Qxb4 34. Rxb4 Nd5
35. Rb2 Nc7 36. f4 Kg8 37. Kf3 Kf8 38. e4 Ke7 39. e5 Ne6 40. Nf5+ Kf8 41. Nd6
Rc7 42. f5 Nd4+ 43. Ke3 Nb3 44. f4 b4 45. axb4 Nc1 46. Bc4 Bxf5 47. b5 a3 48.
Rb4 a2 49. Ra4 Rxc4 50. Nxc4 Ke7 51. b6 Kd7 52. Nd6 1-0

[Event "11th Gashimov Mem Rapid"]
[Site "Stepanakert ARM"]
[Date "2025.12.10"]
[Round "9.3"]
[White "Mamedov, Rauf"]
[Black "Yakubboev, Nodirbek"]
[Result "1/2-1/2"]
[WhiteTitle "GM"]
[BlackTitle "GM"]
[WhiteElo "2645"]
[BlackElo "2691"]
[WhiteFideId "13401653"]
[BlackFideId "14203987"]
[EventDate "2025.12.09"]

1. e4 e5 2. Nf3 Nc6 3. Bc4 Nf6 4. d4 exd4 5. e5 d5 6. Bb5 Nd7 7. O-O Be7 8. Bxc6
bxc6 9. Nxd4 Nb8 10. Nc3 a5 11. Qf3 Ra6 12. Re1 O-O 13. Nf5 Bxf5 14. Qxf5 Qc8
15. Qd3 Nd7 16. Na4 Nc5 17. Nxc5 Bxc5 18. Be3 Bxe3 19. Rxe3 a4 20. Rae1 Re8 21.
f4 Rb6 22. f5 Qa6 23. Qd4 Qc4 24. Qxc4 dxc4 25. b3 cxb3 26. cxb3 axb3 27. axb3
h5 1/2-1/2

[Event "11th Gashimov Mem Rapid"]
[Site "Stepanakert ARM"]
[Date "2025.12.10"]
[Round "10.1"]
[White "Tabatabaei, M. Amin"]
[Black "Mamedov, Rauf"]
[Result "1/2-1/2"]
[WhiteTitle "GM"]
[BlackTitle "GM"]
[WhiteElo "2700"]
[BlackElo "2645"]
[WhiteFideId "12521213"]
[BlackFideId "13401653"]
[EventDate "2025.12.09"]

1. e4 c5 2. Nf3 d6 3. d4 cxd4 4. Nxd4 Nf6 5. Nc3 g6 6. Be3 Bg7 7. f3 Nc6 8. Qd2
O-O 9. O-O-O d5 10. exd5 Nxd5 11. Nxc6 bxc6 12. Bd4 Bxd4 13. Qxd4 Qb6 14. Na4
Qa5 15. b3 Qc7 16. Bd3 Rd8 17. Be4 Be6 18. Qc5 Rac8 19. h4 h5 20. Rd2 Qf4 21.
Rd1 Qxh4 22. c4 Rd6 23. Qxa7 Nf6 24. Qf2 Qf4 25. Nc5 Rcd8 26. Nxe6 Rxe6 27. Kc2
Ra8 28. Rd8+ Rxd8 29. Rxd8+ Kg7 30. Qd2 Qc7 31. a4 c5 32. Kb2 h4 33. Bc2 Qg3 34.
a5 Qc7 35. Ra8 Rd6 36. Qc3 Qb7 37. Be4 Qd7 38. a6 Rd4 39. a7 Nxe4 40. Rg8+ Kf6
41. fxe4 Qxa7 42. Qf3+ Ke6 43. Qg4+ Ke5 44. Qg5+ Ke6 45. Qg4+ Ke5 46. Qg5+ Ke6 1/2-1/2

[Event "11th Gashimov Mem Rapid"]
[Site "Stepanakert ARM"]
[Date "2025.12.10"]
[Round "10.2"]
[White "Yakubboev, Nodirbek"]
[Black "Fedoseev, Vladimir3"]
[Result "1/2-1/2"]
[WhiteTitle "GM"]
[BlackTitle "GM"]
[WhiteElo "2691"]
[BlackElo "2705"]
[WhiteFideId "14203987"]
[BlackFideId "24130737"]
[EventDate "2025.12.09"]

1. c4 e6 2. g3 d5 3. Bg2 dxc4 4. Qa4+ c6 5. Qxc4 c5 6. b3 Nf6 7. Bb2 Be7 8. Nf3
O-O 9. d4 cxd4 10. O-O a6 11. Ne5 Nd5 12. Qxd4 f6 13. Nd3 Nc6 14. Qc4 Nb6 15.
Qc1 e5 16. Rd1 Qe8 17. Qe3 Bd8 18. Nc3 Nd7 19. Ba3 Be7 20. Bxe7 Nxe7 21. Ne4 Nf5
22. Qd2 Nb8 23. Rac1 Nc6 24. Nb4 Nxb4 25. Qxb4 Qb5 26. Qe1 Nd4 27. Nc3 Qa5 28.
e3 Nc6 29. Nd5 Qxe1+ 30. Rxe1 Rb8 31. Rc5 Kf7 32. Nb6 Rd8 33. Bxc6 bxc6 34. Rxc6
Bg4 35. Nc4 a5 36. f4 exf4 37. exf4 a4 38. Rc7+ Rd7 39. Nd6+ Kg6 40. Rxd7 Bxd7
41. Re7 Bh3 42. Re3 Rd8 43. Rd3 Bf5 44. Rd2 axb3 45. axb3 Rb8 46. Rb2 Rb4 47.
Nxf5 Kxf5 48. Kf2 h5 49. Kf3 g5 50. fxg5 fxg5 51. Ke3 h4 52. gxh4 Rxh4 53. b4 g4
54. b5 Ke5 55. Rg2 Rh3+ 56. Kf2 Kf4 1/2-1/2